| 000 | 00618nam a2200181Ia 4500 | ||
|---|---|---|---|
| 008 | 090124s9999 xx 000 0 und d | ||
| 082 | _b103076 | ||
| 100 | _aटिळक लक्ष्मीबाई | ||
| 245 | _a स्मृतिचित्रे - भाग 1 ला | ||
| 250 | _a1 | ||
| 260 | _c1949 | ||
| 300 | _a179 | ||
| 600 | _aटिळक लक्ष्मीबाई | ||
| 630 | _a स्मृतिचित्रे - भाग 1 ला | ||
| 700 | _aटिळक लक्ष्मीबाई | ||
| 730 | _a स्मृतिचित्रे - भाग 1 ला | ||
| 942 | _cBOOK | ||
| 999 |
_c149168 _d149168 |
||